[Event "Stuttgarter Stadtmeisterschaft A"]
[Site "Ditzingen"]
[Date "2015.05.14"]
[Round "2.12"]
[White "Weber, Klaus"]
[Black "Schröder, Kevin"]
[Result "1/2-1/2"]
[WhiteElo "2113"]
[BlackElo "2244"]
[PlyCount "129"]
[EventDate "2015.??.??"]
[WhiteTeam "SV Tübingen"]
[BlackTeam "LSV Turm Lippstadt"]

1. d4 Nf6 2. Nf3 e6 3. c4 b6 4. a3 Bb7 5. Nc3 d5 6. e3 Be7 7. Be2 O-O 8. O-O
Nbd7 9. b3 c5 10. dxc5 Nxc5 11. b4 Nce4 12. Nxe4 Nxe4 13. Bb2 Bf6 14. Qb3 dxc4
15. Bxc4 Nd6 16. Rfc1 Nxc4 17. Bxf6 Qxf6 18. Qxc4 Bxf3 19. gxf3 Qxf3 20. Qc6
Qxc6 21. Rxc6 g6 22. a4 Rac8 23. Rac1 Rxc6 24. Rxc6 Rd8 25. Rc7 a5 26. Rc6 Rd1+
27. Kg2 axb4 28. Rxb6 Rb1 29. a5 b3 30. a6 Ra1 31. Rxb3 Rxa6 32. Rb7 Kg7 33.
Rc7 g5 34. Rb7 Ra4 35. h3 Kg6 36. Rc7 Ra5 37. Rb7 Ra2 38. Rc7 h5 39. Rb7 f5 40.
Rc7 h4 41. Rc8 Kf7 42. Rb8 Kf6 43. Rc8 Rd2 44. Ra8 Rd7 45. Rb8 Rg7 46. Ra8 Rb7
47. Rc8 Rb1 48. Ra8 Re1 49. Rb8 Re2 50. Ra8 Rc2 51. Rb8 Rc1 52. Ra8 Rc7 53. Rb8
Rh7 54. Ra8 g4 55. Rg8 Rg7 56. Rh8 Kg5 57. f4+ gxf3+ 58. Kxf3 e5 59. e4 f4 60.
Rf8 Kh6 61. Rh8+ Kg5 62. Rf8 Kh6 63. Rf5 Rg3+ 64. Kf2 Rxh3 65. Rxe5 1/2-1/2

[Event "Stuttgarter Stadtmeisterschaft A"]
[Site "Ditzingen"]
[Date "2015.05.14"]
[Round "2.13"]
[White "Gretz, Denis"]
[Black "Zymberi, Agron"]
[Result "1-0"]
[WhiteElo "2241"]
[BlackElo "2089"]
[PlyCount "47"]
[EventDate "2015.??.??"]
[WhiteTeam "SK Königsbrunn"]
[BlackTeam "SC Villingen"]

1. e4 d5 2. exd5 Qxd5 3. Nc3 Qd6 4. d4 Nf6 5. Bd3 c6 6. Nge2 Bg4 7. f3 Bh5 8.
Bf4 Qb4 9. Qd2 e6 10. a3 Qa5 11. O-O Qb6 12. Ne4 Nxe4 13. fxe4 Nd7 14. Be3 e5
15. b4 Bxe2 16. Bxe2 Qd8 17. Bc4 f6 18. d5 Nb6 19. Bb3 cxd5 20. exd5 Rc8 21.
Qd3 Qc7 22. Qf5 Be7 23. c4 Nxc4 24. Bxc4 1-0

[Event "Stuttgarter Stadtmeisterschaft A"]
[Site "Ditzingen"]
[Date "2015.05.14"]
[Round "2.14"]
[White "Schönhof, Timo"]
[Black "Lorscheid, Gerhard"]
[Result "0-1"]
[WhiteElo "1947"]
[BlackElo "2237"]
[PlyCount "118"]
[EventDate "2015.??.??"]
[WhiteTeam "C4 Chess Club"]
[BlackTeam "Stuttgarter SF"]

1. e4 e5 2. Nf3 d6 3. d4 exd4 4. Nxd4 Nf6 5. Nc3 Be7 6. Bc4 O-O 7. O-O a6 8. a4
Re8 9. Re1 Bf8 10. Bg5 Nbd7 11. f4 c6 12. a5 Qc7 13. Kh1 h6 14. Bh4 d5 15. exd5
Rxe1+ 16. Bxe1 cxd5 17. Bxd5 Qxf4 18. Bg3 Qg5 19. Bf3 Ne5 20. Ne4 Nxe4 21. Bxe4
Qe3 22. Bf5 Bc5 23. Bxe5 Bxf5 24. Nf3 Qe4 25. Bd4 Bf8 26. c3 Re8 27. Qe1 Qxe1+
28. Rxe1 Rxe1+ 29. Nxe1 f6 30. Kg1 Kf7 31. Kf2 Bd6 32. g3 Ke6 33. Ke3 Kd5 34.
Nf3 Be7 35. Nd2 h5 36. b4 g5 37. c4+ Ke6 38. Bc3 Bh3 39. Nf3 Bf1 40. Nd4+ Kf7
41. c5 Bg2 42. Nf5 Bf8 43. Nd6+ Kg6 44. Bd4 Bc6 45. Kd3 Be7 46. Kc4 Bd8 47. Bc3
f5 48. b5 axb5+ 49. Nxb5 f4 50. gxf4 gxf4 51. Nd4 f3 52. Kd3 Bd5 53. Ke3 Bg5+
54. Kf2 Bh4+ 55. Kg1 f2+ 56. Kf1 Kg5 57. Bd2+ Kg4 58. a6 Bc4+ 59. Ne2 Kf3 0-1

[Event "Stuttgarter Stadtmeisterschaft A"]
[Site "Ditzingen"]
[Date "2015.05.14"]
[Round "2.15"]
[White "Gibicar, Danijel"]
[Black "Höglauer, Patrick"]
[Result "1/2-1/2"]
[WhiteElo "2233"]
[BlackElo "2079"]
[PlyCount "37"]
[EventDate "2015.??.??"]
[WhiteTeam "SK Bebenhausen"]
[BlackTeam "SV Backnang"]

1. d4 d5 2. c4 c6 3. cxd5 cxd5 4. Nc3 Nf6 5. Bf4 Bf5 6. e3 a6 7. Nf3 e6 8. Be2
Nc6 9. O-O Be7 10. h3 h6 11. Rc1 O-O 12. Ne5 Nxe5 13. Bxe5 Rc8 14. Qb3 b5 15.
a4 b4 16. Na2 Qb6 17. Bd3 Bxd3 18. Qxd3 Ne4 19. f3 1/2-1/2

[Event "Stuttgarter Stadtmeisterschaft A"]
[Site "Ditzingen"]
[Date "2015.05.14"]
[Round "2.16"]
[White "Kuhlmann, Hans-Peter"]
[Black "Aring, Gerd"]
[Result "0-1"]
[WhiteElo "1910"]
[BlackElo "2209"]
[PlyCount "82"]
[EventDate "2015.??.??"]
[WhiteTeam "Spvgg Renningen"]
[BlackTeam "SV Nürtingen"]

1. c4 Nf6 2. Nc3 e6 3. Nf3 d5 4. b3 c5 5. g3 Nc6 6. Bg2 Be7 7. O-O O-O 8. d3 d4
9. Nb1 e5 10. h3 h6 11. a3 Re8 12. Nbd2 Be6 13. Rb1 a5 14. Kh2 Nh5 15. Ne1 g6
16. e4 dxe3 17. fxe3 f5 18. Bb2 Bd6 19. e4 Qg5 20. Rf3 Nd4 21. Bxd4 exd4 22.
Nf1 fxe4 23. dxe4 Rf8 24. Qc1 Qxc1 25. Rxc1 b5 26. cxb5 Rxf3 27. Bxf3 Rb8 28.
e5 Be7 29. Bc6 Bxb3 30. Nd3 c4 31. Bd5+ Kf8 32. Bxc4 Bxa3 33. Bxb3 Bxc1 34.
Nxc1 Rxb5 35. Nd2 Rxe5 36. Nf3 Re3 37. Kg2 Rc3 38. Nxd4 Rxc1 39. Bc2 Kg7 40. h4
Kf6 41. Bb3 Rc3 0-1

[Event "Stuttgarter Stadtmeisterschaft A"]
[Site "Ditzingen"]
[Date "2015.05.14"]
[Round "2.17"]
[White "Pitschka, Claus"]
[Black "Enneking, Hermann"]
[Result "1-0"]
[WhiteElo "2208"]
[BlackElo "1881"]
[PlyCount "87"]
[EventDate "2015.??.??"]
[WhiteTeam "SC Garching"]
[BlackTeam "TSV Schönaich"]

1. d4 Nf6 2. Nc3 d5 3. Bg5 h6 4. Bxf6 gxf6 5. g3 c6 6. Bg2 h5 7. e4 dxe4 8.
Bxe4 f5 9. Bf3 h4 10. d5 Bg7 11. Nge2 cxd5 12. Bxd5 Nc6 13. gxh4 e6 14. Bg2
Qxh4 15. Qd6 Bd7 16. O-O-O Qe7 17. Nb5 Rc8 18. Qg3 Kf8 19. Nd6 Rb8 20. Nxf5
exf5 21. Bxc6 f4 22. Nxf4 Bxc6 23. Rhe1 Qf6 24. Ng6+ fxg6 25. Qxb8+ Kf7 26.
Qc7+ Kg8 27. Qc8+ Kh7 28. Qh3+ Kg8 29. Qb3+ Kh7 30. Re6 Qxf2 31. Kb1 Qf5 32.
Re7 Rd8 33. Rde1 Bg2 34. Qg3 Qf6 35. Rxg7+ Kxg7 36. Qxg2 Rd7 37. a3 Qf4 38. Rf1
Qc4 39. Qf2 a6 40. Qf6+ Kh6 41. h4 Rc7 42. Qh8+ Rh7 43. Qf8+ Kh5 44. Rf5+ 1-0

[Event "Stuttgarter Stadtmeisterschaft A"]
[Site "Ditzingen"]
[Date "2015.05.14"]
[Round "2.19"]
[White "Bosiocic, Marin"]
[Black "Wohlfahrt, Michael"]
[Result "1-0"]
[WhiteElo "2563"]
[BlackElo "1852"]
[PlyCount "75"]
[EventDate "2015.??.??"]
[WhiteTeam "TSV Schönaich"]
[BlackTeam "TSF Welzheim"]

1. e4 c5 2. Nf3 Nc6 3. Bb5 Na5 4. O-O a6 5. Be2 g6 6. c3 Bg7 7. d4 b6 8. Re1
Nh6 9. h3 d6 10. b4 Nb7 11. Be3 Qc7 12. Na3 O-O 13. Qd2 f5 14. Bxh6 fxe4 15.
Bxg7 Kxg7 16. Nh2 cxb4 17. cxb4 d5 18. Rac1 Qd6 19. f3 Qg3 20. Nf1 Qh4 21. fxe4
dxe4 22. Bg4 Nd6 23. Bxc8 Raxc8 24. Rxc8 Rxc8 25. Ne3 b5 26. Nac2 h5 27. d5 Kh7
28. Rf1 Qg5 29. Nd4 Kg8 30. Ne6 Qe5 31. Qf2 Qc3 32. Kh1 Qxb4 33. Qg3 Kh7 34.
Nf8+ Rxf8 35. Rxf8 Qb1+ 36. Rf1 Qxa2 37. Qe5 Kh6 38. h4 1-0

[Event "Stuttgarter Stadtmeisterschaft A"]
[Site "Ditzingen"]
[Date "2015.05.14"]
[Round "2.20"]
[White "Baenziger, Fabian"]
[Black "Niklasch, Oliver"]
[Result "0-1"]
[WhiteElo "1954"]
[BlackElo "2325"]
[PlyCount "70"]
[EventDate "2015.??.??"]
[BlackTeam "SK Schmiden/Cannstatt"]

1. d4 e6 2. c4 d5 3. Nc3 c5 4. cxd5 exd5 5. Nf3 Nc6 6. g3 Nf6 7. Bg2 Be7 8. O-O
O-O 9. Bg5 c4 10. Ne5 Be6 11. h3 h6 12. Be3 Qa5 13. f4 Rad8 14. Qe1 Rfe8 15. g4
Bb4 16. a3 Bxc3 17. bxc3 Ne4 18. Bxe4 dxe4 19. Nxc6 bxc6 20. f5 Bc8 21. Qd2 Rd5
22. h4 h5 23. Bh6 Qc7 24. Kg2 gxh6 25. Qxh6 Qd6 26. Qg5+ Kf8 27. Qxh5 Ke7 28.
f6+ Kd8 29. g5 Qe6 30. Rh1 Kc7 31. e3 Rb5 32. Rab1 Rxb1 33. Rxb1 Qh3+ 34. Kf2
Qh2+ 35. Ke1 Be6 0-1

[Event "Stuttgarter Stadtmeisterschaft A"]
[Site "Ditzingen"]
[Date "2015.05.14"]
[Round "2.21"]
[White "Langjahr, Marius"]
[Black "Cofman, Veaceslav"]
[Result "0-1"]
[WhiteElo "1812"]
[BlackElo "2145"]
[PlyCount "92"]
[EventDate "2015.??.??"]
[WhiteTeam "SK Sachsenheim"]
[BlackTeam "Karlsruher SF"]

1. d4 Nc6 2. c4 e5 3. e3 d5 4. cxd5 Qxd5 5. Nc3 Bb4 6. Nf3 Bg4 7. Be2 Bxc3+ 8.
bxc3 exd4 9. cxd4 Nf6 10. O-O O-O 11. h3 Bh5 12. Qb3 Qxb3 13. axb3 Ne4 14. Bb2
Rfd8 15. Rfc1 Rd6 16. g4 Bg6 17. Bc3 Nxc3 18. Rxc3 Be4 19. Nd2 Bd5 20. Bf1 Re8
21. Nc4 Rdd8 22. Bg2 a6 23. Na5 Nxa5 24. Rxa5 Bxg2 25. Kxg2 c6 26. Ra4 f6 27.
Rb4 Re7 28. Rc5 g6 29. Rb6 Kf7 30. h4 Rdd7 31. Kf3 Ke6 32. Ke4 Kd6+ 33. Kf4 Re8
34. g5 f5 35. Rb4 Re4+ 36. Kg3 b5 37. Re5 a5 38. f3 Rxe5 39. dxe5+ Kxe5 40. Rf4
Ra7 41. e4 a4 42. exf5 gxf5 43. bxa4 Rxa4 44. Rxa4 bxa4 45. h5 Ke6 46. h6 Kf7
0-1

[Event "Stuttgarter Stadtmeisterschaft A"]
[Site "Ditzingen"]
[Date "2015.05.14"]
[Round "2.22"]
[White "Aksenov, Pavel"]
[Black "Gehringer, Frank"]
[Result "1/2-1/2"]
[WhiteElo "2097"]
[BlackElo "2050"]
[PlyCount "86"]
[EventDate "2015.??.??"]
[WhiteTeam "Stuttgarter SF"]
[BlackTeam "SC Leinfelden"]

1. d4 d5 2. c4 e5 3. dxe5 d4 4. a3 Nc6 5. Nf3 Bg4 6. Nbd2 Qe7 7. h3 Bxf3 8.
Nxf3 O-O-O 9. Bf4 f6 10. exf6 Nxf6 11. Qd3 Ne4 12. h4 h6 13. g3 Nc5 14. Qf5+
Kb8 15. b4 Ne6 16. Bd2 d3 17. Rd1 dxe2 18. Bxe2 Ned4 19. Nxd4 Nxd4 20. Qd3 Nc6
21. Qe3 Qf7 22. O-O Re8 23. Qf3 Qe6 24. Be3 Bd6 25. c5 Be5 26. b5 Ne7 27. b6
axb6 28. cxb6 Rhf8 29. bxc7+ Bxc7 30. Qg2 g5 31. hxg5 hxg5 32. Bf3 Nf5 33. Bc5
Bd6 34. Bxd6+ Nxd6 35. Rxd6 Qxd6 36. Bxb7 Re7 37. Rb1 Qd3 38. Be4+ Qxb1+ 39.
Bxb1 Re1+ 40. Qf1 Rxf1+ 41. Kxf1 Rf3 42. a4 Ra3 43. Bc2 Kc7 1/2-1/2

[Event "Stuttgarter Stadtmeisterschaft A"]
[Site "Ditzingen"]
[Date "2015.05.14"]
[Round "2.23"]
[White "Stolz, Stephan"]
[Black "Stoll, Katja"]
[Result "1/2-1/2"]
[WhiteElo "2086"]
[BlackElo "1818"]
[PlyCount "50"]
[EventDate "2015.??.??"]
[WhiteTeam "Stuttgarter SF"]
[BlackTeam "SC Weiße Dame Ulm"]

1. c4 c5 2. g3 Nf6 3. Bg2 d5 4. cxd5 Nxd5 5. Nf3 Nc6 6. Nc3 Nc7 7. d3 e5 8. O-O
Be7 9. Ne1 O-O 10. Nc2 Nd4 11. f4 exf4 12. Bxf4 Nce6 13. Bd2 Rb8 14. Nd5 Bg5
15. Nxd4 Nxd4 16. e4 f5 17. Bf4 Bxf4 18. Nxf4 Qb6 19. e5 Be6 20. Kh1 Qb4 21.
Nxe6 Nxe6 22. Bd5 Rbe8 23. Qb3 Qxb3 24. axb3 Kh8 25. Rxa7 Nd4 1/2-1/2

[Event "Stuttgarter Stadtmeisterschaft A"]
[Site "Ditzingen"]
[Date "2015.05.14"]
[Round "2.24"]
[White "Kübler, Marcus"]
[Black "Ruff, Robert"]
[Result "0-1"]
[WhiteElo "2074"]
[BlackElo "1821"]
[PlyCount "144"]
[EventDate "2015.??.??"]
[WhiteTeam "TSV Schönaich"]
[BlackTeam "SK Sachsenheim"]

1. d4 d5 2. Nf3 Nf6 3. c4 e6 4. g3 c6 5. Bg2 Nbd7 6. Qc2 Be7 7. O-O O-O 8. Nbd2
b6 9. e4 dxe4 10. Nxe4 Nxe4 11. Qxe4 Bb7 12. Rd1 Rb8 13. Bf4 Rc8 14. a3 Nf6 15.
Qc2 Qe8 16. Ne5 Nh5 17. Be3 f5 18. f4 Nf6 19. Bf3 h5 20. b4 Bd6 21. Kg2 Bxe5
22. dxe5 Ng4 23. Bg1 Qe7 24. c5 b5 25. Rd6 h4 26. Rad1 Rfd8 27. Qd2 Rxd6 28.
exd6 Qd7 29. Bxg4 fxg4 30. gxh4 Rf8 31. Bd4 Bc8 32. Be5 Rf7 33. Qe2 Rf5 34.
Qxg4 Qf7 35. Rg1 Kh7 36. h3 g6 37. Kh2 Bd7 38. Ra1 a6 39. Kg3 Bc8 40. Qf3 Qb7
41. Qe4 Bd7 42. Kf3 Qb8 43. Rg1 Qd8 44. Rg5 Qg8 45. Ke3 Qf7 46. Qg2 Be8 47. Qe4
Bd7 48. Kf3 Be8 49. Kg3 Bd7 50. Bc3 e5 51. Rxf5 Qxf5 52. Qxf5 gxf5 53. fxe5 Kg6
54. Bd2 Be6 55. Bg5 Bd7 56. Kf4 Be6 57. Bf6 Bc8 58. Bd8 Bd7 59. e6 Bxe6 60. Ke5
Bd7 61. h5+ Kxh5 62. Kf6 f4 63. Ke7 Bc8 64. d7 Bxd7 65. Kxd7 f3 66. Kxc6 f2 67.
Kb7 f1=Q 68. c6 Qf3 69. Kb6 Qe3+ 70. Kxa6 Qe8 71. c7 Qc6+ 72. Ka7 Kg6 0-1

[Event "Stuttgarter Stadtmeisterschaft A"]
[Site "Ditzingen"]
[Date "2015.05.14"]
[Round "2.25"]
[White "Hirtreiter, Pierre"]
[Black "Maj, Kornel"]
[Result "1/2-1/2"]
[WhiteElo "2027"]
[BlackElo "2073"]
[PlyCount "39"]
[EventDate "2015.??.??"]
[WhiteTeam "SK München Südost"]
[BlackTeam "Stuttgarter SF"]

1. e4 c5 2. Nf3 Nc6 3. d4 cxd4 4. Nxd4 e5 5. Nb5 d6 6. c4 Be7 7. g3 Be6 8. N1c3
a6 9. Na3 Bg5 10. Bg2 Bxc1 11. Rxc1 Nge7 12. O-O O-O 13. Nd5 f5 14. exf5 Nxf5
15. Nc2 Kh8 16. Nce3 Ncd4 17. Nxf5 Bxf5 18. f4 Rc8 19. Kh1 Nc6 20. fxe5 1/2-1/2

[Event "Stuttgarter Stadtmeisterschaft A"]
[Site "Ditzingen"]
[Date "2015.05.14"]
[Round "2.26"]
[White "Sand, Rolf"]
[Black "Doll, Michael"]
[Result "1/2-1/2"]
[WhiteElo "1969"]
[BlackElo "2182"]
[PlyCount "88"]
[EventDate "2015.??.??"]
[WhiteTeam "SV Tübingen"]
[BlackTeam "SV Nürtingen"]

1. c4 e6 2. g3 d5 3. Nf3 Nf6 4. Bg2 Be7 5. O-O O-O 6. d4 dxc4 7. Qc2 a6 8. Qxc4
b5 9. Qc2 Bb7 10. Bg5 Nbd7 11. Bxf6 Nxf6 12. Nbd2 Rc8 13. Nb3 Be4 14. Qd1 Nd7
15. Rc1 c5 16. Nxc5 Nxc5 17. dxc5 Rxc5 18. Rxc5 Bxc5 19. Ne5 Bxg2 20. Kxg2 Qa8+
21. Kg1 Rd8 22. Qc2 Qd5 23. Nf3 Be7 24. a3 Bf6 25. Rc1 g6 26. b3 Kg7 27. h4 a5
28. Ne1 Qd4 29. Nd3 Rd5 30. Nf4 Rd7 31. Nd3 Be7 32. b4 axb4 33. axb4 Bf6 34.
Qc6 Rd5 35. Rc2 Qa1+ 36. Kg2 Qd1 37. Nf4 Rd4 38. Nd3 e5 39. Ra2 Qb3 40. Ra6
Qd5+ 41. Qxd5 Rxd5 42. Rb6 Be7 43. Rb7 Bd6 44. Nc5 Bxc5 1/2-1/2

[Event "Stuttgarter Stadtmeisterschaft A"]
[Site "Ditzingen"]
[Date "2015.05.14"]
[Round "2.27"]
[White "Braun, Rüdiger-Thomas"]
[Black "Debus, Alfred"]
[Result "0-1"]
[WhiteElo "1940"]
[BlackElo "2143"]
[PlyCount "54"]
[EventDate "2015.??.??"]
[WhiteTeam "SF Birkenfeld"]
[BlackTeam "SK Marburg"]

1. e4 d5 2. exd5 Qxd5 3. Nc3 Qa5 4. Bc4 Nf6 5. d3 c6 6. Bd2 Qc7 7. Qe2 e6 8.
O-O-O b5 9. Bb3 Be7 10. f4 O-O 11. Nf3 Na6 12. h3 Nc5 13. g4 a5 14. d4 Nxb3+
15. cxb3 a4 16. bxa4 b4 17. Ne4 Rxa4 18. Nxf6+ Bxf6 19. Qc4 Qa5 20. a3 bxa3 21.
Bxa5 Rxc4+ 22. Bc3 Ba6 23. Kd2 axb2 24. Bxb2 c5 25. Ba3 Rd8 26. g5 Bxd4 27.
Nxd4 Rdxd4+ 0-1

[Event "Stuttgarter Stadtmeisterschaft A"]
[Site "Ditzingen"]
[Date "2015.05.14"]
[Round "2.28"]
[White "Gerstenberger, Heinz"]
[Black "Müller, Anja"]
[Result "1/2-1/2"]
[WhiteElo "2129"]
[BlackElo "1975"]
[PlyCount "114"]
[EventDate "2015.??.??"]
[WhiteTeam "Stuttgarter SF"]
[BlackTeam "SC Ingersheim"]

1. d4 Nf6 2. c4 g6 3. Nc3 Bg7 4. e4 d6 5. Nf3 Nbd7 6. e5 dxe5 7. dxe5 Ng4 8. e6
fxe6 9. Ng5 Nde5 10. Qxd8+ Kxd8 11. h3 Nh6 12. Be3 c6 13. O-O-O+ Ke8 14. g4
Nhf7 15. Nge4 h5 16. Be2 hxg4 17. hxg4 b6 18. Rxh8+ Bxh8 19. f4 Nd7 20. Ng3 Nd6
21. Bd3 Nf8 22. c5 bxc5 23. Bxc5 e5 24. f5 gxf5 25. Nxf5 Bxf5 26. gxf5 Nd7 27.
Be3 Nf6 28. Rh1 Bg7 29. Rg1 Kf8 30. Bc2 Rb8 31. Bxa7 Bh6+ 32. Kb1 Rb7 33. Bc5
Nc4 34. b3 Nd2+ 35. Kb2 e4 36. Rg6 Nc4+ 37. Kb1 Nd2+ 38. Kb2 Bg7 39. Kc1 Rd7
40. Be3 Nf1 41. Bf4 Nh5 42. Ne2 e3 43. Rg1 Rd2 44. Rxf1 Rxe2 45. Bc7 Bc3 46.
Bb6 Rxc2+ 47. Kxc2 e2 48. Rh1 e1=Q 49. Rxe1 Bxe1 50. Bc5 Ba5 51. b4 Bc7 52. Kd3
Kf7 53. Kc4 Ng3 54. b5 cxb5+ 55. Kxb5 Nxf5 56. a4 Ke8 57. a5 Bxa5 1/2-1/2

[Event "Stuttgarter Stadtmeisterschaft A"]
[Site "Ditzingen"]
[Date "2015.05.14"]
[Round "2.29"]
[White "Keller, Harald"]
[Black "Zeller, Elisa"]
[Result "1-0"]
[WhiteElo "2049"]
[BlackElo "1956"]
[PlyCount "77"]
[EventDate "2015.??.??"]
[WhiteTeam "SV Rottweil"]
[BlackTeam "SF Göppingen"]

1. e4 e6 2. Nf3 d5 3. e5 c5 4. b4 Bd7 5. bxc5 Bxc5 6. d4 Be7 7. Bd3 Nc6 8. c3
f6 9. O-O Qc7 10. Qe2 fxe5 11. dxe5 g6 12. Na3 a6 13. c4 Nb4 14. cxd5 Qc3 15.
Bc4 Nxd5 16. Bxd5 Bxa3 17. Bxa3 Qxa3 18. Bxb7 Rb8 19. Qxa6 Qxa6 20. Bxa6 Ne7
21. Rfd1 Nd5 22. Bc4 Nc3 23. Rdc1 Ne4 24. Bd3 Rb4 25. Rab1 Nc5 26. Rxc5 Rxb1+
27. Bxb1 O-O 28. Bc2 Rb8 29. Bb3 Kf8 30. h3 h6 31. Nd4 Rb6 32. Rc7 Ke8 33. Ra7
g5 34. Ra8+ Ke7 35. Rh8 Ra6 36. Rxh6 Rb6 37. Rg6 Rb4 38. Rxe6+ Bxe6 39. Nc6+
1-0

[Event "Stuttgarter Stadtmeisterschaft A"]
[Site "Ditzingen"]
[Date "2015.05.14"]
[Round "2.30"]
[White "Schnepel, Thomas"]
[Black "Faulhaber, Rolf"]
[Result "1-0"]
[WhiteElo "1930"]
[BlackElo "2039"]
[PlyCount "75"]
[EventDate "2015.??.??"]
[WhiteTeam "SC Pforzheim"]
[BlackTeam "SK Tauberbischofsheim"]

1. e4 e6 2. d4 d5 3. Nc3 Bb4 4. e5 c5 5. a3 Bxc3+ 6. bxc3 Qa5 7. Bd2 Qa4 8. Qg4
Kf8 9. Qd1 Nc6 10. Nf3 Nge7 11. Be3 Nf5 12. Be2 Bd7 13. O-O Rc8 14. Rb1 Na5 15.
dxc5 Nxe3 16. fxe3 Ke7 17. Qd4 f6 18. Rb4 Qxa3 19. exf6+ gxf6 20. Ne5 Rcf8 21.
c6 b6 22. Ra4 Qd6 23. Rxa5 bxa5 24. Nxd7 Qxc6 25. Nxf8 Rxf8 26. Qxa7+ Kd6 27.
Qxa5 Rc8 28. Qb4+ Qc5 29. Bd3 f5 30. Ra1 Rc7 31. Ra6+ Kd7 32. Bb5+ Ke7 33. Qh4+
Kf8 34. Ra8+ Kg7 35. Qg5+ Kf7 36. Be8+ Kf8 37. Qf6+ Kg8 38. Bf7# 1-0

[Event "Stuttgarter Stadtmeisterschaft A"]
[Site "Ditzingen"]
[Date "2015.05.14"]
[Round "2.31"]
[White "Häußler, Daniel"]
[Black "Sieweck, Philipp"]
[Result "0-1"]
[WhiteElo "2000"]
[BlackElo "1953"]
[PlyCount "76"]
[EventDate "2015.??.??"]
[WhiteTeam "SC Ostfildern"]
[BlackTeam "SG Turm Kiel"]

1. d4 Nf6 2. c4 g6 3. Nc3 Bg7 4. e4 d6 5. f4 O-O 6. Nf3 c5 7. d5 e6 8. Be2 exd5
9. cxd5 Re8 10. e5 dxe5 11. fxe5 Ng4 12. e6 fxe6 13. d6 Bd7 14. O-O Bc6 15. Kh1
Rf8 16. h3 Nh6 17. Ng5 Nf5 18. Nge4 Bxc3 19. Bg5 Bf6 20. Nxf6+ Rxf6 21. Rxf5
exf5 22. Bc4+ Kg7 23. Qe1 Qxd6 24. Rd1 Qf8 25. Qh4 h5 26. Qf4 Kh7 27. Qc7+ Qg7
28. Qe5 Rf8 29. Qxc5 Nd7 30. Qe3 Rfe8 31. Qg3 Nf6 32. Qb3 Rad8 33. Rf1 Rd7 34.
Kh2 Ne4 35. Bf4 Nd2 36. Bxd2 Rxd2 37. Rg1 Qe5+ 38. Kh1 Qe3 0-1

[Event "Stuttgarter Stadtmeisterschaft A"]
[Site "Ditzingen"]
[Date "2015.05.14"]
[Round "2.32"]
[White "Pajer, Michael"]
[Black "Hoeschele, Hans-Ulrich"]
[Result "1/2-1/2"]
[WhiteElo "1889"]
[BlackElo "2032"]
[PlyCount "72"]
[EventDate "2015.??.??"]
[WhiteTeam "SK Bebenhausen"]
[BlackTeam "Stuttgarter SF"]

1. c4 Nf6 2. Nc3 e6 3. g3 d5 4. cxd5 exd5 5. d4 c6 6. Bg2 Be7 7. Nf3 Nbd7 8.
O-O O-O 9. b3 Re8 10. Bb2 Bd6 11. Qc2 Nf8 12. Rac1 Bg4 13. Rfe1 Qc8 14. Ng5 Qf5
15. Qxf5 Bxf5 16. e4 dxe4 17. Ngxe4 Nxe4 18. Nxe4 Bb4 19. Bc3 Bxe4 20. Rxe4
Bxc3 21. Rxc3 Rxe4 22. Bxe4 Rd8 23. Rd3 Ne6 24. d5 Nc5 25. Rd4 cxd5 26. Rxd5
Rxd5 27. Bxd5 b6 28. f4 Kf8 29. Kf2 Ke7 30. Ke3 f6 31. Kd4 Kd6 32. b4 Na6 33.
a3 Nc7 34. Bc4 g6 35. g4 h6 36. h4 a6 1/2-1/2

[Event "Stuttgarter Stadtmeisterschaft A"]
[Site "Ditzingen"]
[Date "2015.05.14"]
[Round "2.33"]
[White "Quernheim, Daniel"]
[Black "Notz, Lukas"]
[Result "1/2-1/2"]
[WhiteElo "2029"]
[BlackElo "1849"]
[PlyCount "40"]
[EventDate "2015.??.??"]
[WhiteTeam "SC Botnang"]
[BlackTeam "SV Dettingen Erms"]

1. d4 Nf6 2. c4 e6 3. Bg5 d5 4. cxd5 exd5 5. Nc3 Nbd7 6. e3 c6 7. Bd3 Be7 8.
Qc2 O-O 9. Nge2 Re8 10. O-O Nf8 11. f3 Be6 12. Rae1 Rc8 13. Kh1 a6 14. Na4 N6d7
15. Bxe7 Qxe7 16. Nc5 Nxc5 17. dxc5 g6 18. b4 Nd7 19. Qc3 f6 20. Nd4 Ne5
1/2-1/2

[Event "Stuttgarter Stadtmeisterschaft A"]
[Site "Ditzingen"]
[Date "2015.05.14"]
[Round "2.34"]
[White "Weber, Sandra"]
[Black "Baumann, Arend"]
[Result "1/2-1/2"]
[WhiteElo "1862"]
[BlackElo "2028"]
[PlyCount "30"]
[EventDate "2015.??.??"]
[WhiteTeam "SC Neckarsulm"]
[BlackTeam "SGem Vaihingen-Rohr"]

1. e4 e6 2. d4 d5 3. Nd2 dxe4 4. Nxe4 Nd7 5. Nf3 Ngf6 6. Ng3 Be7 7. Bd3 O-O 8.
O-O c5 9. c3 b6 10. Re1 Bb7 11. Qe2 Re8 12. Bg5 h6 13. Bd2 Qc7 14. Rad1 Red8
15. Bc1 Rac8 1/2-1/2

[Event "Stuttgarter Stadtmeisterschaft A"]
[Site "Ditzingen"]
[Date "2015.05.14"]
[Round "2.35"]
[White "Baumeister, Jürgen"]
[Black "Jurasin, Marin"]
[Result "0-1"]
[WhiteElo "1869"]
[BlackElo "2021"]
[PlyCount "52"]
[EventDate "2015.??.??"]
[WhiteTeam "SC Asperg"]
[BlackTeam "SG Schönbuch"]

1. d4 Nf6 2. Bg5 d5 3. e3 e6 4. Bd3 h6 5. Bxf6 Qxf6 6. e4 dxe4 7. Bxe4 c5 8.
Ne2 cxd4 9. Qxd4 Nd7 10. Nbc3 Bc5 11. Qxf6 Nxf6 12. Bf3 Bd7 13. O-O O-O-O 14.
b4 Be7 15. a4 Kb8 16. b5 Rc8 17. Rfb1 Rc4 18. Ra2 Rhc8 19. Rb3 R8c5 20. Rab2 e5
21. Bc6 Be6 22. g3 Bd8 23. a5 Bxa5 24. b6 axb6 25. Bg2 Rxc3 26. Nxc3 Bxb3 0-1

[Event "Stuttgarter Stadtmeisterschaft A"]
[Site "Ditzingen"]
[Date "2015.05.14"]
[Round "2.36"]
[White "Longo, Claudio"]
[Black "Gibicar, Marc"]
[Result "0-1"]
[WhiteElo "2013"]
[BlackElo "1938"]
[PlyCount "52"]
[EventDate "2015.??.??"]
[WhiteTeam "SK Germering"]
[BlackTeam "Spvgg Böblingen"]

1. d4 Nf6 2. Nf3 g6 3. b3 Bg7 4. Bb2 d5 5. e3 O-O 6. Be2 b6 7. O-O Ba6 8. Bxa6
Nxa6 9. Qe2 Qc8 10. c4 dxc4 11. Qxc4 c5 12. dxc5 Nxc5 13. Nc3 Qb7 14. Qe2 Rfd8
15. Rfd1 Ne6 16. Nb5 Rd5 17. Rxd5 Qxd5 18. Rd1 Qe4 19. Nbd4 h5 20. Nxe6 Qxe6
21. Nd4 Qe4 22. Rc1 Nd5 23. Nf3 Nf4 24. Qc2 Qxc2 25. Rxc2 Rd8 26. g3 Rd1+ 0-1

[Event "Stuttgarter Stadtmeisterschaft A"]
[Site "Ditzingen"]
[Date "2015.05.14"]
[Round "2.37"]
[White "Viehoff, Jürgen"]
[Black "Pelezki, Eugen"]
[Result "0-1"]
[WhiteElo "1857"]
[BlackElo "2010"]
[PlyCount "91"]
[EventDate "2015.??.??"]
[WhiteTeam "SC Stetten a.d.F."]
[BlackTeam "SV Wendlingen"]

1. d4 Nf6 2. Nf3 e6 3. e3 c5 4. Bd3 b6 5. Qe2 Bb7 6. Nbd2 Be7 7. O-O Nc6 8. c3
d6 9. Rd1 Qc7 10. e4 cxd4 11. cxd4 Rd8 12. a3 h6 13. Nf1 O-O 14. Ng3 e5 15. d5
Nb8 16. Bd2 Rc8 17. Nf5 Nh7 18. h4 Qd8 19. g3 Nd7 20. Nh2 Ndf6 21. Ng4 h5 22.
Nxf6+ Bxf6 23. Qxh5 g6 24. Nh6+ Kh8 25. Qf3 Qe7 26. Rac1 Rce8 27. Rc2 Bg7 28.
Bb5 Rc8 29. Rxc8 Bxc8 30. Ng4 f5 31. Ne3 Nf6 32. exf5 e4 33. Qe2 gxf5 34. Bc3
Nh7 35. Bxg7+ Qxg7 36. Nf1 Nf6 37. Bc6 f4 38. Qd2 Ng4 39. Qd4 Ne5 40. Qxe4 Qg4
41. Qd4 Qf3 42. Nh2 Qh5 43. Re1 Qg6 44. Qe4 fxg3 45. fxg3 Qxg3+ 46. Qg2 0-1

[Event "Stuttgarter Stadtmeisterschaft A"]
[Site "Ditzingen"]
[Date "2015.05.14"]
[Round "2.38"]
[White "Pfeifer, Wilfried"]
[Black "Schömbs, Oliver"]
[Result "1/2-1/2"]
[WhiteElo "2007"]
[BlackElo "1920"]
[PlyCount "84"]
[EventDate "2015.??.??"]
[WhiteTeam "TSF Ditzingen"]
[BlackTeam "SC Ingersheim"]

1. Nf3 Nf6 2. b3 g6 3. Bb2 Bg7 4. e3 c5 5. Be2 Nc6 6. c4 d6 7. O-O O-O 8. d4
cxd4 9. exd4 Bg4 10. Nc3 Rc8 11. Qd2 Qa5 12. a3 Rfd8 13. d5 Nb8 14. Rac1 Ne4
15. Qe3 Nxc3 16. Bxc3 Bxc3 17. Rxc3 Qxa3 18. Qxe7 Re8 19. Qg5 Rxe2 20. Qxg4 f5
21. Qh4 Nd7 22. Ng5 Nf8 23. Rh3 Rc7 24. Ne6 Nxe6 25. dxe6 Qc5 26. Qf6 Qc6 27.
Rd3 Qe8 28. Rxd6 Re7 29. Qd4 Qf8 30. Qxa7 Qf6 31. h3 R2xe6 32. Rxe6 Qxe6 33.
Rd1 Rd7 34. Rxd7 Qxd7 35. Qe3 Kf7 36. b4 Qd1+ 37. Kh2 Qd6+ 38. f4 Qxb4 39. Qd4
Qe7 40. Qd5+ Kg7 41. Qd4+ Kf7 42. Qd5+ Kg7 1/2-1/2